Использование метода системного анализа в демографическом прогнозировании (Запись № 1271511)

Подробности
000 -МАРКЕР
контрольное поле 01851nam0a2200373 4500
001 - ИДЕНТИФИКАТОР ЗАПИСИ
контрольное поле RU\NLR\bibl\827172
005 - ИДЕНТИФИКАТОР ВЕРСИИ
контрольное поле 20260406074407.0
021 ## - НОМЕР ГОСУДАРСТВЕННОЙ РЕГИСТРАЦИИ
Код страны российская федерация
Номер 2005-35980
Номер Листа государственной регистраци 1791
035 ## - ДРУГИЕ СИСТЕМНЫЕ НОМЕРА
Идентификатор записи (NLR Aleph) 000816068
100 ## - ДАННЫЕ ОБЩЕЙ ОБРАБОТКИ
Данные общей обработки 20050803d2005 |||y0rusy50 ca
101 0# - ЯЗЫК РЕСУРСА
Язык текста, звукозаписи и т.д. русский
Язык резюме английский
102 ## - СТРАНА ПУБЛИКАЦИИ ИЛИ ПРОИЗВОДСТВА
Страна публикации российская федерация
105 ## - ПОЛЕ КОДИРОВАННЫХ ДАННЫХ: ТЕКСТОВЫЕ МАТЕРИАЛЫ, МОНОГРАФИЧЕСКИЕ
Кодированные данные о монографическом текстовом документе a z |||||
200 1# - ЗАГЛАВИЕ И СВЕДЕНИЯ ОБ ОТВЕТСТВЕННОСТИ
Основное заглавие Использование метода системного анализа в демографическом прогнозировании
Параллельное заглавие Use of a method of systems analysis in the demographic forecast
Первые сведения об ответственности Г.Ш. Цициашвили, З.И. Сидоркина
Язык параллельного заглавия английский
Последующие сведения об ответственности Рос. акад. наук, Дальневост. отд-ние, Тихоокеан. ин-т географии
205 ## - СВЕДЕНИЯ ОБ ИЗДАНИИ
Сведения об издании Препринт
210 ## - ПУБЛИКАЦИЯ, РАСПРОСТРАНЕНИЕ И ДР.
Место издания, распространения и т.д. Владивосток
Имя издателя, распространителя и т. д. Дальнаука
Дата издания, распространения и т.д. 2005
215 ## - ФИЗИЧЕСКАЯ ХАРАКТЕРИСТИКА
Специфическое обозначение материала и объем 23 с.
Другие сведения о физической характеристике ил.
Размеры 22
300 ## - ОБЩИЕ ПРИМЕЧАНИЯ
Текст примечания Авт. также на англ. яз.: G.Sh. Tsitsiashvili, Z.I. Sidorkina
320 ## - ПРИМЕЧАНИЯ О НАЛИЧИИ В ДОКУМЕНТЕ БИБЛИОГРАФИИ / УКАЗАТЕЛЯ
Текст примечания Библиогр.: с. 23 (8 назв.)
510 0# - ПАРАЛЛЕЛЬНОЕ ЗАГЛАВИЕ
Связь между полями z45790
Параллельное заглавие Use of a method of systems analysis in the demographic forecast
Язык заглавия русский
606 1# - НАИМЕНОВАНИЕ ТЕМЫ КАК ПРЕДМЕТ
Наименование темы Демографическое прогнозирование
Системный номер авторитетной/нормативной записи 940235
Идентификатор авторитетной/нормативной записи RU\NLR\auth\66347789
686 ## - ИНДЕКСЫ ДРУГИХ КЛАССИФИКАЦИЙ
Индекс С73(0)3
700 #1 - ИМЯ ЛИЦА - ПЕРВИЧНАЯ ОТВЕТСТВЕННОСТЬ
Код отношения Автор
Материалы, к которым относится поле rus
Графика поля Кириллица
Начальный элемент ввода Цициашвили
Часть имени, кроме начального элемента ввода Г. Ш.
Даты 1948-
Расширение инициалов личного имени Гурами Шалвович
Идентификатор авторитетной/нормативной записи RU\NLR\auth\7734373
Системный номер авторитетной/нормативной записи 17377
701 #1 - ИМЯ ЛИЦА - АЛЬТЕРНАТИВНАЯ ОТВЕТСТВЕННОСТЬ
Код отношения Автор
Материалы, к которым относится поле rus
Графика поля Кириллица
Начальный элемент ввода Сидоркина
Часть имени, кроме начального элемента ввода З. И.
Расширение инициалов личного имени Зинаида Ивановна
Идентификатор авторитетной/нормативной записи RU\NLR\auth\7734379
Системный номер авторитетной/нормативной записи 17383
790 #1 - ИМЯ ЛИЦА - АЛЬТЕРНАТИВНАЯ ФОРМА
Код отношения Автор
Графика поля Латинская
Материалы, к которым относится поле rus
Начальный элемент ввода Ciciašvili
Часть имени, кроме начального элемента ввода G. Š.
Даты 1948-
Расширение инициалов личного имени Gurami Šalvovič
Системный номер авторитетной/нормативной записи 248453
Идентификатор авторитетной/нормативной записи RU\NLR\AUTH\770248509
790 #1 - ИМЯ ЛИЦА - АЛЬТЕРНАТИВНАЯ ФОРМА
Код отношения Автор
Материалы, к которым относится поле rus
Графика поля Латинская
Начальный элемент ввода Sidorkina
Часть имени, кроме начального элемента ввода Z. I.
Расширение инициалов личного имени Zinaida Ivanovna
Идентификатор авторитетной/нормативной записи RU\NLR\auth\7734381
Системный номер авторитетной/нормативной записи 17385
801 #0 - ИСТОЧНИК ЗАПИСИ
Страна российская федерация
Организация NLR
Дата составления 20050803
Правила каталогизации rcr
801 #1 - ИСТОЧНИК ЗАПИСИ
Страна российская федерация
Организация NLR
Дата составления 20050803
942 ## - ДОПОЛНИТЕЛЬНЫЕ ЭЛЕМЕНТЫ ЗАПИСИ (АБИС)
Тип экземпляра АБИС Книга
980 ## - КОЛЛЕКЦИЯ
Название коллекции Национальная библиография
980 ## - КОЛЛЕКЦИЯ
Название коллекции НБР
Экземпляры
Тип экземпляра Дата поступления Источник поступления Библиотека постоянного хранения Библиотека текущего хранения Место хранения Шифр хранения Штрих-код Статус не для выдачи
Книга 03.08.2005 Обязательный экземпляр РНБ (Московский) РНБ (Московский) Русский книжный фонд: издания с 1957 года, 3этаж 2005-6/1153 1-2844563  
Книга 06.12.2005 Обязательный экземпляр РНБ (Московский) РНБ (Московский) Русский книжный фонд: издания с 1957 года, 3этаж 2005-6/1153 2070862